Modern Indian literature; (Record no. 85204)

MARC details
000 -LEADER
fixed length control field 00673cam a22002411 4500
001 - CONTROL NUMBER
control field sa 68013601
003 - CONTROL NUMBER IDENTIFIER
control field DLC
005 - DATE AND TIME OF LATEST TRANSACTION
control field 20260227112623.0
008 - FIXED-LENGTH DATA ELEMENTS--GENERAL INFORMATION
fixed length control field 720926s1968 xx 000 0 eng
010 ## - LIBRARY OF CONGRESS CONTROL NUMBER
LC control number sa 68013601
020 ## - INTERNATIONAL STANDARD BOOK NUMBER
International Standard Book Number 0804809240
035 ## - SYSTEM CONTROL NUMBER
System control number (OCoLC)414204
040 ## - CATALOGING SOURCE
Original cataloging agency DLC
Transcribing agency OAU
Modifying agency DLC
042 ## - AUTHENTICATION CODE
Authentication code premarc
050 00 - LIBRARY OF CONGRESS CALL NUMBER
Classification number PK2903
Item number .K65
082 ## - DEWEY DECIMAL CLASSIFICATION NUMBER
Classification number 891.4
100 1# - MAIN ENTRY--PERSONAL NAME
Personal name Kripalani, Krishna,
Dates associated with a name 1907-1993.
245 10 - TITLE STATEMENT
Title Modern Indian literature;
Remainder of title a panoramic glimpse.
260 ## - PUBLICATION, DISTRIBUTION, ETC.
Place of publication, distribution, etc. [Bombay]
Name of publisher, distributor, etc. Nirmala Sadanand Publishers
Date of publication, distribution, etc. [1968]
300 ## - PHYSICAL DESCRIPTION
Extent 131 p.
Dimensions 23 cm.
504 ## - BIBLIOGRAPHY, ETC. NOTE
Bibliography, etc. note Bibliography: p. 122-125.
650 #0 - SUBJECT ADDED ENTRY--TOPICAL TERM
Topical term or geographic name entry element Indic literature
General subdivision History and criticism.

No items available.

Powered by Koha